000 01077naa a22003017a 4500
001 BR6004838
003 BR-BrBNA
005 20240918172859.0
007 ta
008 230509b bl.||||| |||| 00| 0 por d
040 _aBR-BrBNA
_bpor
_cBiblioteca Nacional de Agricultura
041 _a(Pt)
072 _aN20; L00
_b6100
_b4580
090 _aN20 BR6004838
100 1 _aCampos, E.J.
100 1 _aFerreira, J.A.
100 1 _aBaiao, N.C.
111 1 _a4. Congresso Brasileiro de Avicultura
_cPorto Alegre, RS (Brazil)
_d14 Sep 1975
245 1 _aEfeito do tipo de piso sobre a criacao de frangos de corte em gaiolas
260 3 _aPorto Alegre, RS (Brasil):
_c1975.
500 _aAnais do 4. Congresso Brasileiro de Avicultura Porto Alegre, RS (Brasil): 1975. p. 63-69 (BR6004838-AM)N20
650 _aINSTALACAO PARA ANIMAL
650 _aFRANGO DE CORTE
650 _aGAIOLA
773 0 _tAnais do 4. Congresso Brasileiro de Avicultura
_wN20 BR6004838
_gPorto Alegre, RS (Brasil), 1975. p. 63-69
909 _a202404
_bLucia
_c55
_dLucia Elande
942 _cAM
_2AGRIS
999 _c301885
_d301885